Countries where polygamy is legal - Statistics

General Stats
  • This quiz has been taken 262 times
    161 since last reset
  • The average score is 42 of 52
Answer Stats
Country % Correct
Oman
94%
Iran
93%
Algeria
92%
Iraq
92%
Saudi Arabia
92%
Yemen
92%
Bahrain
91%
India *
91%
Morocco
91%
Afghanistan
90%
Egypt
90%
Pakistan
90%
Qatar
90%
Sudan
90%
Libya
89%
Mali
89%
Mauritania
89%
Nigeria *
89%
Syria *
89%
United Arab Emirates
89%
Lebanon
88%
Somalia
88%
Indonesia *
87%
Jordan
87%
Kuwait
86%
Chad
85%
Kenya
82%
South Sudan
82%
Tanzania
82%
Bangladesh
81%
Malaysia *
80%
Senegal
80%
Uganda
80%
Brunei
77%
Gambia
77%
Djibouti
76%
Central African Republic
75%
Republic of Congo
75%
Gabon
74%
Cameroon
73%
Zambia
72%
Maldives
71%
Sri Lanka
70%
Burkina Faso
69%
Togo
69%
South Africa *
65%
Bhutan
63%
Eswatini
61%
Singapore *
58%
Philippines *
56%
São Tomé and Príncipe
48%
Solomon Islands
28%
No matching quizzes found
Score Distribution
Percent of People with Each Score
Percentile by Number Answered
Your Score History
You have not taken this quiz since the last reset